'J' TV Shows by Picture Quiz Stats

 Plays Quiz Updated Dec 31, 2018

Challenge
Share
Tweet
Score 0/20 Timer 05:00
1 Play Today
Location Show % Correct
Judge Judy
97.9%
The Jetsons
95.2%
Jeopardy!
90.7%
The Jerry Springer Show
86.3%
Joey
77.2%
Jersey Shore
76.6%
The Jeffersons
72.8%
JAG
69%
Josie and the Pussycats
67.4%
Jimmy Kimmel Live!
63.5%
Location Show % Correct
Johnny Bravo
57.5%
Jon & Kate Plus 8
56.5%
Just Shoot Me!
53.5%
Joanie Loves Chachi
46.2%
Judging Amy
36.2%
Jackass
33%
Justified
28.1%
Jem
26.8%
Joan of Arcadia
22.9%
Jericho
14%

You're not logged in!

Compare scores with friends on all Sporcle quizzes.
OR
Log In

You Might Also Like...

Show Comments

Extras

Top Quizzes Today


Score Distribution

Your Account Isn't Verified!

In order to create a playlist on Sporcle, you need to verify the email address you used during registration. Go to your Sporcle Settings to finish the process.

Report this User

Report this user for behavior that violates our Community Guidelines.

Details: